|
|
|
|
| LEADER |
01709nam a2200325 a 4500 |
| 001 |
GR-Patra17121 |
| 008 |
040316s1997 gr e 000 0 gre d |
| 020 |
|
|
|a 9603062057
|
| 040 |
|
|
|a GrPaTEI
|b gre
|c GR-PaULI
|
| 040 |
|
|
|a GrPaTEI
|b gre
|c GR-PaULI
|
| 082 |
|
0 |
|a 004.6
|2 21
|
| 100 |
1 |
|
|a Vaughan - Nichols, Steven J.
|
| 245 |
1 |
0 |
|a Intranets /
|c Steven J. Vaughan-Nichols ; Μετάφραση: Σταυρούλα Βεντούρη ; Ηλίας Μαντούβαλος.
|
| 260 |
|
|
|a Αθήνα :
|b Anubis,
|c c1997
|
| 300 |
|
|
|a 360σ.
|
| 500 |
|
|
|a Περιλαμβάνει ευρετήριο
|
| 500 |
|
|
|a Τίτλος πρωτοτύπου: Intranets
|
| 500 |
|
|
|a Τμήμα Επιχειρηματικού Σχεδιασμού και Πληροφοριακών Συστημάτων: 24160, 24161
|
| 610 |
2 |
4 |
|a Τμήμα Επιχειρηματικού Σχεδιασμού και Πληροφοριακών Συστημάτων
|
| 650 |
|
0 |
|a Intranets (Computer networks)
|
| 650 |
|
4 |
|a Ηλεκτρονικοί υπολογιστές
|x Δίκτυα υπολογιστών (Intranets)
|
| 650 |
1 |
0 |
|a Web sites
|
| 700 |
1 |
|
|a Βεντούρη, Σταυρούλα
|
| 700 |
1 |
|
|a Μαντούβαλος, Ηλίας
|
| 710 |
0 |
|
|a ANUBIS
|
| 942 |
|
|
|2 ddc
|
| 952 |
|
|
|0 0
|1 0
|2 ddc
|4 0
|6 004_600000000000000_VAU
|7 0
|9 296831
|a LISK
|b LISK
|c BSC
|d 2021-01-17
|e 24
|f 0
|g 0.00
|l 0
|o 004.6 VAU
|p 92410024161
|r 2021-01-17 00:00:00
|t 1
|w 2021-01-17
|y BK15
|x 20040316 0 1
|x GrPaTEI
|
| 952 |
|
|
|0 0
|1 0
|2 ddc
|4 0
|6 004_600000000000000_VAU
|7 1
|9 296832
|a LISK
|b LISK
|c BSC
|d 2021-01-17
|e 24
|f 0
|g 0.00
|l 0
|o 004.6 VAU
|p 92410024160
|r 2021-01-17 00:00:00
|t 1
|w 2021-01-17
|y BKN
|x 20040316 0 0
|x GrPaTEI
|
| 971 |
|
|
|a .b26646365
|b 15-04-20
|c 23-09-16
|
| 999 |
|
|
|c 173001
|d 173001
|